[Event "Werner Ott Kreuzberger 2019"]
[Site "Berlin"]
[Date "2019.06.25"]
[Round "1.1"]
[White "Stern, Rene"]
[Black "Zierns, Michael"]
[Result "1-0"]
[WhiteElo "2538"]
[BlackElo "1793"]
[Annotator "TA"]
[PlyCount "39"]
[EventDate "2019.06.22"]
[EventType "swiss"]
[EventCountry "GER"]
[SourceTitle "playchess.com"]
[Source "ChessBase"]
[SourceQuality "1"]

{[%evp 18,39,18,13,17,-12,1,6,66,81,125,122,102,96,250,244,646,637,906,908,834,879,793,813]} 1. Nf3 e6 2. c4 d5 3. d4 Nf6 4. Nc3 Be7 5. Bg5 O-O 6. e3 b6 7. Qc2 Bb7 8. Bxf6 Bxf6 9. cxd5 exd5 10. Bd3 g6 {E12: Queen's Indian: Unusual White 4th moves, 4 a3, 4 Nc3 Bb7 5 a3 and 4 Nc3 Bb7} 11. O-O-O Nc6 $146 ({Predecessor:} 11... c5 12. dxc5 bxc5 13. Be4 Bxc3 14. Qxc3 Na6 15. a3 Re8 16. Ne5 Rc8 {1-0 (28) Adly,A (2631)-Belkhodja,S (2400) Monastir 2017}) 12. a3 a5 (12... Qd7 $11) 13. h4 $14 Ba6 14. Nxd5 Qxd5 15. Be4 $36 {[%mdl 2048] White has strong initiative.} Qa2 $2 (15... Qe6 $16) 16. Qxc6 $18 {[%mdl 64] [#] Double Attack} Be7 $2 (16... Rae8 17. Bd5 Re6 18. Bxe6 (18. Bxa2 Rxc6+ 19. Kb1 Be2 $16) 18... fxe6) 17. Bd5 {White is clearly winning.} Qa1+ 18. Kc2 Bd3+ 19. Kb3 a4+ 20. Kc3 $1 1-0

[Event "Werner Ott Kreuzberger 2019"]
[Site "Berlin"]
[Date "2019.06.25"]
[Round "1.2"]
[White "Matthes, Aaron"]
[Black "Malek, Daniel"]
[Result "1/2-1/2"]
[WhiteElo "1791"]
[BlackElo "2362"]
[Annotator "NA"]
[PlyCount "93"]
[EventDate "2019.06.22"]
[EventType "swiss"]
[EventCountry "GER"]
[SourceTitle "playchess.com"]
[Source "ChessBase"]
[SourceQuality "1"]
[TimeControl "40/5400+30:1800+30"]

1. d4 {[%emt 0:00:00]} Nf6 {[%emt 0:00:00]} 2. Bf4 {[%emt 0:00:00]} c5 {[%emt 0:00:00]} 3. c3 {[%emt 0:00:00]} Qb6 {[%emt 0:01:21]} 4. Qb3 {[%emt 0:01:55]} Qxb3 {[%emt 0:01:55]} 5. axb3 {[%emt 0:00:06]} cxd4 {[%emt 0:00:11]} 6. Bxb8 {[%emt 0:00:22]} Rxb8 {[%emt 0:00:55]} 7. Rxa7 {[%emt 0:02:26]} dxc3 {[%emt 0:02:15]} 8. bxc3 {[%emt 0:00:59]} e6 {[%emt 0:08:39]} 9. e3 {[%emt 0:02:40]} d5 {[%emt 0:00:55]} 10. Nf3 {[%emt 0:02:44]} Bd6 {[%emt 0:02:35]} 11. Nbd2 {[%emt 0:04:27]} Bd7 {[%emt 0:01:10]} 12. Bd3 {[%emt 0:03:58]} Ke7 {[%emt 0:06:37]} 13. O-O {[%emt 0:01:17]} Rhc8 {[%emt 0:08:00]} 14. c4 {[%emt 0:02:14]} Bc5 {[%emt 0:03:45]} 15. Ra2 {[%emt 0:02:19]} Ra8 {[%emt 0:02:57]} 16. Rfa1 {[%emt 0:02:35]} Rxa2 {[%emt 0:00:09]} 17. Rxa2 {[%emt 0:00:05]} Bb4 {[%emt 0:04:49]} 18. h4 {[%emt 0:11:08]} g6 {[%emt 0:08:14]} 19. Kf1 {[%emt 0:07:12]} dxc4 {[%emt 0:07:20]} 20. bxc4 {[%emt 0:00:35]} Rc7 {[%emt 0:02:46]} 21. Ne5 {[%emt 0:03:40]} Be8 {[%emt 0:00:57]} 22. Ndf3 {[%emt 0:03:03]} Nd7 {[%emt 0:01:28]} 23. Nxd7 {[%emt 0:03:16]} Bxd7 {[%emt 0:00:27]} 24. Rb2 {[%emt 0:03:31]} Bc5 {[%emt 0:08:45]} 25. Nd4 {[%emt 0:01:47]} e5 {[%emt 0:04:19]} 26. Nb5 {[%emt 0:01:56]} Bxb5 {[%emt 0:04:39]} 27. cxb5 {[%emt 0:01:52]} f5 {[%emt 0:00:06]} 28. Ke2 {[%emt 0:02:20]} b6 {[%emt 0:01:24]} 29. Ra2 {[%emt 0:04:51]} e4 {[%emt 0:06:41]} 30. Bc4 {[%emt 0:00:51]} Bxe3 {[%emt 0:02:09]} 31. Kxe3 {[%emt 0:03:36]} Rxc4 {[%emt 0:00:07]} 32. Ra6 {[%emt 0:00:01]} Rc3+ {[%emt 0:02:30]} 33. Kf4 {[%emt 0:00:08]} Rc2 {[%emt 0:00:14]} 34. Ke3 {[%emt 0:00:20]} Kf6 {[%emt 0:01:43]} 35. Rxb6+ {[%emt 0:01:18]} Ke5 {[%emt 0:00:02]} 36. g3 {[%emt 0:00:06]} Rb2 {[%emt 0:01:03]} 37. Rb7 {[%emt 0:01:15]} h6 {[%emt 0:00:55]} 38. Re7+ {[%emt 0:00:16]} Kf6 {[%emt 0:00:18]} 39. Rc7 {[%emt 0:01:27]} Rxb5 {[%emt 0:03:55]} 40. Rc6+ {[%emt 0:00:05]} Kg7 {[%emt 0:00:32]} 41. Rc7+ {[%emt 0:30:05]} Kf8 {[%emt 0:30:36]} 42. Rc8+ {[%emt 0:01:54]} Kf7 {[%emt 0:01:12]} 43. Rc7+ {[%emt 0:00:06]} Ke8 {[%emt 0:00:06]} 44. Rc6 {[%emt 0:00:24]} Rb3+ {[%emt 0:00:00]} 45. Ke2 {[%emt 0:00:00]} Kf7 {[%emt 0:00:00]} 46. Rc7+ {[%emt 0:00:00]} Kf6 {[%emt 0:00:00]} 47. Rc6+ {[%emt 0:00:00]} 1/2-1/2

[Event "Werner Ott Kreuzberger 2019"]
[Site "Berlin"]
[Date "2019.06.25"]
[Round "3.1"]
[White "Stern, Rene"]
[Black "Boettcher, Patrick"]
[Result "1-0"]
[WhiteElo "2538"]
[BlackElo "2107"]
[Annotator "TA"]
[PlyCount "99"]
[EventDate "2019.06.22"]
[EventType "swiss"]
[EventCountry "GER"]
[SourceTitle "playchess.com"]
[Source "ChessBase"]
[SourceQuality "1"]

{[%evp 9,99,16,23,0,0,0,0,0,0,0,19,25,27,13,31,31,31,31,27,10,10,6,34,34,35,41,119,110,113,112,108,85,132,114,114,114,122,106,133,133,133,99,116,113,110,100,125,126,121,115,119,119,119,118,116,109,139,139,137,132,130,119,118,92,94,96,185,168,200,193,180,148,185,161,176,158,158,158,344,327,353,334,347,316,381,376,379,366,435,414,387,371]} 1. Nf3 c5 2. c4 Nc6 3. Nc3 e5 4. e3 Nf6 5. d4 e4 6. d5 {A34: Symmetrical English: 2 Nc3, lines with ...d5} (6. Ne5 {is more complex.} cxd4 7. exd4 Bb4 8. Be2 Qa5 9. Nxc6 bxc6 10. Bd2) 6... exf3 7. dxc6 dxc6 (7... fxg2 8. cxd7+ Bxd7 9. Bxg2 g6 10. b3 Bg7 11. Qd6 Qb6 12. Qe5+ Kf8 13. Bb2 {½-½ (36) Dominguez Perez,L (2739)-Vachier Lagrave,M (2779) Saint Louis 2018}) 8. Qxd8+ {The position is equal.} Kxd8 9. gxf3 Bd6 10. b3 Re8 11. Bb2 b6 $146 ({Predecessor:} 11... Kc7 12. O-O-O Be6 13. Bd3 {½-½ (36) Moskaleva,A (1769)-Pankova,J (1810) St Petersburg 2018}) 12. O-O-O Kc7 13. Bd3 Bh3 14. Rhg1 g6 15. Rd2 Rad8 {[#]} 16. Nb5+ $1 {[%mdl 512]} cxb5 17. Bxf6 Rd7 ({Black should play} 17... Be7 $14 18. Be5+ Kc8) 18. cxb5 $16 Be5 {[#]} 19. Bh4 $1 Be6 20. Bg3 (20. f4 {feels hotter.} Bc3 21. Rdd1 Bd5 22. Be2 Bg7 23. Rd3) 20... Bd6 21. Rgd1 Bxg3 22. hxg3 h5 23. f4 Bg4 24. Be2 Rxd2 25. Rxd2 {[%mdl 4096] Endgame KRB-KRB} Bf5 26. Bd3 Bg4 27. Kc2 Bf3 28. Kc3 Rh8 29. b4 h4 30. gxh4 cxb4+ 31. Kxb4 Rxh4 32. Kc3 Bb7 33. Kd4 Kd6 34. Be4 Bc8 35. Bd5 f6 36. Bb3 Bd7 37. a4 f5 (37... Ke7 $16) 38. Kc3+ Kc7 39. Bd5 Rh2 40. Kc2 Bc8 41. Kd1 Bd7 42. Ke2 Rh7 43. Rd1 Be8 $2 {[#]} (43... Rh8 $16 {was worth a try.} 44. Rc1+ Kd8) 44. Bc6 $1 $18 {[%cal Rc6e8]} Re7 45. Bxe8 Rxe8 46. Rc1+ Kd7 47. Rc6 Rg8 48. Kf3 Rg7 49. Kg3 g5 50. Rf6 {Accuracy: White = 81%, Black = 45%.} 1-0

[Event "Werner Ott Kreuzberger 2019"]
[Site "Berlin"]
[Date "2019.06.25"]
[Round "3.2"]
[White "Federau, Juergen"]
[Black "Ignatiev, Felix"]
[Result "1/2-1/2"]
[WhiteElo "2124"]
[BlackElo "2307"]
[Annotator "TA"]
[PlyCount "76"]
[EventDate "2019.06.22"]
[EventType "swiss"]
[EventCountry "GER"]
[SourceTitle "playchess.com"]
[Source "ChessBase"]
[SourceQuality "1"]

{[%evp 10,76,12,0,0,4,41,34,30,28,31,8,12,0,14,16,31,14,24,19,76,72,51,30,0,14,38,0,0,0,0,0,0,0,27,-38,-35,-54,-41,-37,-41,-49,-35,-70,-57,-56,-20,-45,-40,-54,-24,-67,-64,-81,-81,-81,-77,-81,-81,-82,0,0,0,0,0,0,0,0,0]} 1. d4 d5 2. c4 e6 3. Nc3 c6 4. e3 Nf6 5. Nf3 Nbd7 6. b3 Bd6 {D45: Semi-Slav: 5 e3} 7. Bb2 Ne4 (7... O-O 8. Bd3 e5 9. cxd5 cxd5 10. dxe5 Nxe5 11. Be2 Nxf3+ 12. Bxf3 Be5 13. O-O Be6 14. Qd2 Ne4 15. Nxe4 dxe4 16. Qxd8 Rfxd8 17. Bxe5 exf3 18. gxf3 {½-½ (40) Malakhov,V (2712)-Shirov,A (2664) Sochi 2017}) 8. Nxe4 (8. c5 {with more complications.} Nxc3 9. Bxc3 Bc7 10. Bd3 O-O 11. O-O) 8... dxe4 {White is slightly better.} 9. Nd2 f5 $1 10. Qh5+ g6 11. Qe2 O-O $146 ({Predecessor:} 11... Qe7 12. a3 O-O 13. g3 e5 14. b4 Nf6 15. Bg2 Bd7 {1-0 (39) Edvardsson,K (2205)-Schmitz,M (2010) Copenhagen 1998}) 12. h4 c5 13. h5 g5 $1 14. O-O-O Qf6 (14... Qe7 $11 {remains equal.}) 15. f3 $16 exf3 16. Nxf3 {dxc5 is the strong threat.} g4 17. Ne1 e5 (17... cxd4 {looks sharper.} 18. exd4 Qg5+ 19. Kb1 Nf6 20. Qc2 Bd7) 18. dxe5 Bxe5 19. Nd3 Bxb2+ 20. Qxb2 Qxb2+ 21. Kxb2 Re8 22. Re1 (22. h6 $11) 22... b6 $15 23. Nf4 Nf6 24. Bd3 Re5 25. h6 Bb7 26. Re2 Rae8 27. Rhe1 g3 28. Kc3 Kf7 29. Kd2 Rd8 30. Kc3 Be4 31. Bxe4 Nxe4+ 32. Kc2 Rd6 33. Rh1 {[#]} Nf2 $1 {[%cal Rf2h1]} 34. Rh5 {[#]} Kf6 (34... Ng4 $1 $17 {[%cal Rg4e3]} 35. e4 Rxh6) 35. Nd5+ {The position is equal.} Kg6 36. Nf4+ Kf6 37. Nd5+ Kg6 38. Nf4+ Kf6 {Accuracy: White = 44%, Black = 58%.} 1/2-1/2

[Event "Werner Ott Kreuzberger 2019"]
[Site "Berlin"]
[Date "2019.06.25"]
[Round "3.2"]
[White "Federau, Juergen"]
[Black "Noetzel, Felix"]
[Result "1/2-1/2"]
[WhiteElo "2124"]
[BlackElo "2203"]
[Annotator "NA"]
[PlyCount "76"]
[EventDate "2019.06.22"]
[EventType "swiss"]
[EventCountry "GER"]
[SourceTitle "playchess.com"]
[Source "ChessBase"]
[SourceQuality "1"]
[TimeControl "40/5400+30:1800+30"]

1. d4 {[%emt 0:00:00]} d5 {[%emt 0:00:00]} 2. c4 {[%emt 0:00:00]} e6 {[%emt 0:00:00]} 3. Nc3 {[%emt 0:00:00]} c6 {[%emt 0:00:20]} 4. e3 {[%emt 0:00:00]} Nf6 {[%emt 0:00:10]} 5. Nf3 {[%emt 0:00:00]} Nbd7 {[%emt 0:00:09]} 6. b3 {[%emt 0:00:09]} Bd6 {[%emt 0:01:09]} 7. Bb2 {[%emt 0:00:10]} Ne4 {[%emt 0:08:03]} 8. Nxe4 {[%emt 0:04:39]} dxe4 {[%emt 0:00:06]} 9. Nd2 {[%emt 0:00:23]} f5 {[%emt 0:11:45]} 10. Qh5+ {[%emt 0:16:37]} g6 {[%emt 0:02:27]} 11. Qe2 {[%emt 0:08:06]} O-O {[%emt 0:20:22]} 12. h4 {[%emt 0:13:28]} c5 {[%emt 0:05:57]} 13. h5 {[%emt 0:03:27]} g5 {[%emt 0:01:35]} 14. O-O-O {[%emt 0:05:25]} Qf6 {[%emt 0:09:14]} 15. f3 {[%emt 0:09:05]} exf3 {[%emt 0:01:18]} 16. Nxf3 {[%emt 0:01:41]} g4 {[%emt 0:01:00]} 17. Ne1 {[%emt 0:03:38]} e5 {[%emt 0:04:33]} 18. dxe5 {[%emt 0:09:01]} Bxe5 {[%emt 0:00:47]} 19. Nd3 {[%emt 0:00:27]} Bxb2+ {[%emt 0:00:37]} 20. Qxb2 {[%emt 0:00:47]} Qxb2+ {[%emt 0:08:09]} 21. Kxb2 {[%emt 0:00:22]} Re8 {[%emt 0:00:18]} 22. Re1 {[%emt 0:09:25]} b6 {[%emt 0:00:10]} 23. Nf4 {[%emt 0:00:23]} Nf6 {[%emt 0:08:03]} 24. Bd3 {[%emt 0:00:45]} Re5 {[%emt 0:01:48]} 25. h6 {[%emt 0:10:27]} Bb7 {[%emt 0:00:41]} 26. Re2 {[%emt 0:00:27]} Rae8 {[%emt 0:02:32]} 27. Rhe1 {[%emt 0:00:49]} g3 {[%emt 0:00:34]} 28. Kc3 {[%emt 0:00:57]} Kf7 {[%emt 0:04:57]} 29. Kd2 {[%emt 0:01:32]} Rd8 {[%emt 0:00:37]} 30. Kc3 {[%emt 0:00:26]} Be4 {[%emt 0:05:30]} 31. Bxe4 {[%emt 0:00:14]} Nxe4+ {[%emt 0:00:15]} 32. Kc2 {[%emt 0:00:05]} Rd6 {[%emt 0:02:11]} 33. Rh1 {[%emt 0:01:02]} Nf2 {[%emt 0:00:33]} 34. Rh5 {[%emt 0:00:42]} Kf6 {[%emt 0:00:34]} 35. Nd5+ {[%emt 0:00:35]} Kg6 {[%emt 0:00:20]} 36. Nf4+ {[%emt 0:00:08]} Kf6 {[%emt 0:00:07]} 37. Nd5+ {[%emt 0:00:06]} Kg6 {[%emt 0:01:02]} 38. Nf4+ {[%emt 0:00:10]} Kf6 {[%emt 0:00:04]} 1/2-1/2

[Event "Werner Ott Kreuzberger 2019"]
[Site "Berlin"]
[Date "2019.06.25"]
[Round "4.1"]
[White "Nohr, Jonas"]
[Black "Stern, Rene"]
[Result "1-0"]
[WhiteElo "2108"]
[BlackElo "2538"]
[Annotator "TA"]
[PlyCount "65"]
[EventDate "2019.06.22"]
[EventType "swiss"]
[EventCountry "GER"]
[SourceTitle "playchess.com"]
[Source "ChessBase"]
[SourceQuality "1"]

{[%evp 11,71,7,19,0,-2,-10,2,-16,0,-55,-47,-66,-49,-61,39,-13,0,-32,-37,-80,-95,-91,-89,-123,-121,-91,-98,-109,-116,-119,-45,-47,-44,-58,-53,-92,-108,-144,564,562,630,618,684,681,622,652,641,619,823,798,858,858,810,741,765,764,29986,29987,29985,29986,29983,29971]} 1. c4 e6 2. Nc3 d5 3. e3 Nf6 4. Nf3 Be7 5. b3 O-O 6. Bb2 b6 7. Be2 {A13: English Opening: 1...e6} (7. cxd5 exd5 8. d4 Bb7 9. Bd3 c5 10. O-O Nc6 11. Na4 Ne4 12. dxc5 bxc5 13. Ne5 Bd6 14. Bxe4 dxe4 15. Nc4 Be7 16. Qg4 g6 17. Qxe4 Qc7 18. Nc3 Nb4 {0-1 (50) Duda,J (2738)-Bacrot,E (2684) chess.com INT 2019}) 7... Bb7 8. Qc2 dxc4 9. Bxc4 {The position is equal.} a6 $146 ({Predecessor:} 9... h6 10. h4 Nbd7 11. O-O-O a5 {1-0 (23) Raines,D (1093)-Vontina,M (761) LSS email 2012}) 10. h4 (10. Be2 $11) 10... Nbd7 11. Ng5 Re8 12. f4 Nf8 ({But not} 12... Bxg2 $2 13. Rg1 $18) (12... b5 $1 $15 13. Be2 h6) 13. O-O-O (13. f5 $1 $14) 13... b5 $11 14. Be2 c5 ({Much worse is} 14... Bxg2 15. Rhg1 $14) 15. Bf3 Bxf3 16. gxf3 c4 17. bxc4 {[#]} Rc8 $1 {[%cal Rc8c4]} 18. Kb1 Rxc4 {Threatens to win with ...b4.} 19. d3 Rc6 {Strongly threatening ...b4.} 20. Qg2 Ba3 (20... Qa5 $17 21. Ne2 Nd5) 21. Rhg1 Nh5 22. Bxa3 {aiming for Ne2.} Rxc3 {[%mdl 64] Double Attack} 23. Bxf8 Rxf8 24. Qb2 {[#]} Rxd3 $2 {[%mdl 8192]} (24... b4 $1 $17 {keeps the pressure on.} 25. Qd2 Qb6) 25. Qc2 $18 Nf6 {...Rxd1+ is the strong threat.} 26. Qxd3 Qe7 27. Qd4 g6 28. h5 Nxh5 29. Rh1 h6 30. Ne4 {And now Rxh5! would win.} f5 31. Nc5 Rc8 32. Nb3 a5 {[#]} 33. Nxa5 {Played: Qd4-d7} 1-0

[Event "Werner Ott Kreuzberger 2019"]
[Site "Berlin"]
[Date "2019.06.25"]
[Round "4.2"]
[White "Vogel, Constantin"]
[Black "Krefenstein, Sergej"]
[Result "1-0"]
[WhiteElo "2073"]
[BlackElo "2158"]
[Annotator "NA"]
[PlyCount "53"]
[EventDate "2019.06.22"]
[EventType "swiss"]
[EventCountry "GER"]
[SourceTitle "playchess.com"]
[Source "ChessBase"]
[SourceQuality "1"]
[TimeControl "40/5400+30:1800+30"]

1. c4 {[%emt 0:00:00]} e5 {[%emt 0:00:00]} 2. g3 {[%emt 0:00:00]} c6 {[%emt 0:00:00]} 3. d4 {[%emt 0:00:34]} e4 {[%emt 0:00:00]} 4. Bg2 {[%emt 0:01:12]} d5 {[%emt 0:00:19]} 5. Nc3 {[%emt 0:01:16]} Nf6 {[%emt 0:00:38]} 6. cxd5 {[%emt 0:05:38]} cxd5 {[%emt 0:00:08]} 7. Nh3 {[%emt 0:00:38]} Nbd7 {[%emt 0:03:15]} 8. O-O {[%emt 0:00:52]} Be7 {[%emt 0:03:56]} 9. Qb3 {[%emt 0:15:56]} Nb6 {[%emt 0:02:41]} 10. Bg5 {[%emt 0:06:21]} h6 {[%emt 0:09:36]} 11. Bxf6 {[%emt 0:00:06]} Bxf6 {[%emt 0:00:05]} 12. Nf4 {[%emt 0:00:42]} Be6 {[%emt 0:00:46]} 13. a4 {[%emt 0:05:15]} Qd7 {[%emt 0:13:39]} 14. a5 {[%emt 0:04:18]} Nc4 {[%emt 0:00:59]} 15. Nxe6 {[%emt 0:01:05]} fxe6 {[%emt 0:08:17]} 16. Nxe4 {[%emt 0:02:25]} Bxd4 {[%emt 0:02:55]} 17. Rfd1 {[%emt 0:11:45]} Bxb2 {[%emt 0:21:07]} 18. Nc5 {[%emt 0:01:37]} Qe7 {[%emt 0:03:51]} 19. Nxe6 {[%emt 0:14:27]} Bxa1 {[%emt 0:02:58]} 20. Bxd5 {[%emt 0:01:17]} Nd6 {[%emt 0:06:31]} 21. Qa4+ {[%emt 0:01:53]} Qd7 {[%emt 0:00:30]} 22. Qxa1 {[%emt 0:00:25]} Ke7 {[%emt 0:04:28]} 23. Qxg7+ {[%emt 0:00:52]} Nf7 {[%emt 0:00:07]} 24. Nf4 {[%emt 0:00:36]} Raf8 {[%emt 0:03:02]} 25. Ng6+ {[%emt 0:02:20]} Ke8 {[%emt 0:01:57]} 26. Bxf7+ {[%emt 0:00:31]} Qxf7 {[%emt 0:00:26]} 27. Qe5+ {[%emt 0:00:09]} 1-0

[Event "Werner Ott Kreuzberger 2019"]
[Site "Berlin"]
[Date "2019.06.26"]
[Round "5.1"]
[White "Zeitz, Philip"]
[Black "Nohr, Jonas"]
[Result "1/2-1/2"]
[WhiteElo "2202"]
[BlackElo "2108"]
[Annotator "NA"]
[PlyCount "45"]
[EventDate "2019.06.22"]
[EventType "swiss"]
[EventCountry "GER"]
[SourceTitle "playchess.com"]
[Source "ChessBase"]
[SourceQuality "1"]
[TimeControl "40/5400+30:1800+30"]

1. c4 {[%emt 0:00:00]} e6 {[%emt 0:00:00]} 2. g3 {[%emt 0:00:00]} d5 {[%emt 0:00:02]} 3. Bg2 {[%emt 0:00:00]} Nf6 {[%emt 0:00:19]} 4. Nf3 {[%emt 0:00:00]} Be7 {[%emt 0:01:07]} 5. O-O {[%emt 0:00:14]} O-O {[%emt 0:00:19]} 6. b3 {[%emt 0:00:17]} Nbd7 {[%emt 0:02:10]} 7. Bb2 {[%emt 0:00:34]} c6 {[%emt 0:01:28]} 8. d3 {[%emt 0:05:39]} b6 {[%emt 0:05:45]} 9. Nbd2 {[%emt 0:04:55]} Bb7 {[%emt 0:01:15]} 10. e4 {[%emt 0:07:41]} dxe4 {[%emt 0:08:20]} 11. dxe4 {[%emt 0:02:02]} c5 {[%emt 0:03:54]} 12. e5 {[%emt 0:01:53]} Ne4 {[%emt 0:07:29]} 13. Nxe4 {[%emt 0:07:55]} Bxe4 {[%emt 0:00:05]} 14. Qe2 {[%emt 0:02:12]} Bb7 {[%emt 0:01:21]} 15. Nd2 {[%emt 0:03:02]} Bxg2 {[%emt 0:00:13]} 16. Kxg2 {[%emt 0:00:04]} Qc7 {[%emt 0:01:50]} 17. f4 {[%emt 0:01:46]} Qc6+ {[%emt 0:01:06]} 18. Kg1 {[%emt 0:02:28]} Rae8 {[%emt 0:12:08]} 19. Rfe1 {[%emt 0:06:11]} f6 {[%emt 0:10:25]} 20. exf6 {[%emt 0:03:21]} Bxf6 {[%emt 0:00:07]} 21. Bxf6 {[%emt 0:00:51]} gxf6 {[%emt 0:00:30]} 22. Ne4 {[%emt 0:04:16]} f5 {[%emt 0:04:49]} 23. Nc3 {[%emt 0:06:14]} 1/2-1/2

[Event "Werner Ott Kreuzberger 2019"]
[Site "Berlin"]
[Date "2019.06.26"]
[Round "5.2"]
[White "Wierzbicki, Jirawat"]
[Black "Vogel, Constantin"]
[Result "0-1"]
[WhiteElo "2152"]
[BlackElo "2073"]
[Annotator "NA"]
[PlyCount "44"]
[EventDate "2019.06.22"]
[EventType "swiss"]
[EventCountry "GER"]
[SourceTitle "playchess.com"]
[Source "ChessBase"]
[SourceQuality "1"]
[TimeControl "40/5400+30:1800+30"]

1. e4 {[%emt 0:00:00]} c5 {[%emt 0:02:28]} 2. c3 {[%emt 0:00:40]} g6 {[%emt 0:00:47]} 3. d4 {[%emt 0:00:14]} cxd4 {[%emt 0:00:17]} 4. cxd4 {[%emt 0:00:07]} d5 {[%emt 0:00:07]} 5. Nc3 {[%emt 0:00:30]} dxe4 {[%emt 0:03:02]} 6. Bc4 {[%emt 0:00:36]} Bg7 {[%emt 0:05:54]} 7. Qb3 {[%emt 0:01:18]} e6 {[%emt 0:06:45]} 8. d5 {[%emt 0:01:10]} Ne7 {[%emt 0:16:25]} 9. dxe6 {[%emt 0:05:14]} Bxe6 {[%emt 0:08:23]} 10. Bxe6 {[%emt 0:04:36]} fxe6 {[%emt 0:00:12]} 11. Nxe4 {[%emt 0:02:47]} Qd5 {[%emt 0:05:34]} 12. Qxd5 {[%emt 0:05:27]} Nxd5 {[%emt 0:03:51]} 13. Nd6+ {[%emt 0:04:03]} Kd7 {[%emt 0:00:16]} 14. Nxb7 {[%emt 0:04:38]} Na6 {[%emt 0:03:44]} 15. Nf3 {[%emt 0:04:46]} Rab8 {[%emt 0:01:10]} 16. Na5 {[%emt 0:00:23]} Nab4 {[%emt 0:05:42]} 17. Kd1 {[%emt 0:07:19]} Nd3 {[%emt 0:03:30]} 18. Ke2 {[%emt 0:02:26]} Nxc1+ {[%emt 0:06:03]} 19. Raxc1 {[%emt 0:00:44]} Rxb2+ {[%emt 0:00:24]} 20. Kf1 {[%emt 0:01:08]} Rc8 {[%emt 0:03:25]} 21. Nc4 {[%emt 0:07:38]} Ke7 {[%emt 0:02:56]} 22. Rg1 {[%emt 0:08:26]} Nb6 {[%emt 0:20:05]} 0-1

[Event "Werner Ott Kreuzberger 2019"]
[Site "Berlin"]
[Date "2019.06.27"]
[Round "6.1"]
[White "Noetzel, Felix"]
[Black "Vogel, Constantin"]
[Result "1-0"]
[WhiteElo "2203"]
[BlackElo "2073"]
[Annotator "TA"]
[PlyCount "39"]
[EventDate "2019.06.22"]
[EventType "swiss"]
[EventCountry "GER"]
[SourceTitle "playchess.com"]
[Source "ChessBase"]
[SourceQuality "1"]

{[%evp 18,77,0,-1,-7,-3,0,0,-7,-15,-6,-17,-23,-15,-22,-26,-9,-14,57,27,166,167,155,0,0,0,0,0,0,0,0,0,0,0,0,-150,-47,-49,-54,-20,-47,-39,-37,-51,-59,-62,-47,-59,-29,-50,-42,-20,0,-83,329,352,344,338,330,325,375,363]} 1. e4 e6 2. d4 d5 3. Nd2 c5 4. c3 cxd4 5. cxd4 Nc6 6. Ngf3 dxe4 7. Nxe4 Be7 8. Bd3 Nf6 9. O-O O-O 10. Nc3 Nb4 {D40: Queen's Gambit Declined: Semi-Tarrasch with 5 e3} (10... b6 11. Bg5 Bb7 12. Rc1 h6 13. Bf4 Bd6 14. Be3 Rc8 15. a3 Ne7 16. Ne5 Ned5 17. Bd2 Nxc3 18. Bxc3 {1-0 (91) Safarli,E (2681)-Cheng,B (2520) chess.com INT 2019}) 11. Bb1 b6 12. a3 Nbd5 {The position is equal.} 13. Qd3 a5 14. Bg5 $146 {Hoping for Nxd5.} ({Predecessor:} 14. Nxd5 Qxd5 15. Ba2 Qh5 16. Re1 Ba6 17. Qb3 Rfc8 18. Qxb6 {0-1 (28) Beeck,M (2196)-Junge,R (2277) Kiel 2016}) 14... Ba6 15. Qc2 Rc8 16. Re1 Re8 17. Ne5 h6 ({Black should try} 17... g6 $11) 18. Bxh6 $1 $14 Nxc3 (18... Rxc3 $1 $11 {and Black stays safe.} 19. bxc3 gxh6) 19. bxc3 $18 gxh6 20. Re3 {Played: Ne5xf7} 1-0

[Event "Werner Ott Kreuzberger 2019"]
[Site "Berlin"]
[Date "2019.06.28"]
[Round "7.1"]
[White "Foerster, Jonas"]
[Black "Noetzel, Felix"]
[Result "0-1"]
[WhiteElo "2274"]
[BlackElo "2203"]
[Annotator "NA RC"]
[PlyCount "69"]
[EventDate "2019.06.22"]
[EventType "swiss"]
[EventCountry "GER"]
[SourceTitle "playchess.com"]
[Source "ChessBase"]
[SourceQuality "1"]
[TimeControl "40/5400+30:1800+30"]

1. Nf3 {[%emt 0:00:00]} d5 {[%emt 0:00:00]} 2. d4 {[%emt 0:00:00]} e6 {[%emt 0:01:26]} 3. c4 {[%emt 0:04:16]} c6 {[%emt 0:00:11]} 4. Qc2 {[%emt 0:04:05]} Nf6 {[%emt 0:06:30]} 5. Bg5 {[%emt 0:06:10]} Nbd7 {[%emt 0:01:26]} 6. cxd5 {[%emt 0:07:42]} exd5 {[%emt 0:01:11]} 7. Nc3 {[%emt 0:00:11]} Be7 {[%emt 0:00:31]} 8. e3 {[%emt 0:00:34]} O-O {[%emt 0:00:25]} 9. Bd3 {[%emt 0:00:54]} Re8 {[%emt 0:00:51]} 10. O-O {[%emt 0:04:03]} Nf8 {[%emt 0:01:35]} 11. Ne5 {[%emt 0:04:40]} g6 {[%emt 0:29:03]} 12. f4 {[%emt 0:11:29]} Ne6 {[%emt 0:01:58]} 13. Bxf6 {[%emt 0:18:37]} Bxf6 {[%emt 0:00:08]} 14. f5 {[%emt 0:00:02]} Ng7 {[%emt 0:03:28]} 15. fxg6 {[%emt 0:27:12]} fxg6 {[%emt 0:00:20]} 16. Qf2 {[%emt 0:02:12]} Bxe5 {[%emt 0:17:29]} 17. dxe5 {[%emt 0:00:01]} Rf8 {[%emt 0:07:41]} 18. Qg3 {[%emt 0:00:55]} Bf5 {[%emt 0:03:09]} 19. Rad1 {[%emt 0:02:34]} Bxd3 {[%emt 0:00:45]} 20. Rxd3 {[%emt 0:00:03]} Rxf1+ {[%emt 0:01:03]} 21. Kxf1 {[%emt 0:00:04]} Qb6 {[%emt 0:01:57]} 22. b3 {[%emt 0:01:28]} Rf8+ {[%emt 0:00:48]} 23. Ke2 {[%emt 0:00:48]} Nf5 {[%emt 0:01:47]} 24. Qg5 {[%emt 0:00:36]} Qc5 {[%emt 0:05:52]} 25. g4 {[%emt 0:01:40]} Ng7 {[%emt 0:00:22]} 26. h4 {[%emt 0:01:21]} Ne6 {[%emt 0:01:29]} 27. Qh6 {[%emt 0:00:12]} d4 {[%emt 0:01:13]} 28. exd4 {[%emt 0:00:58]} Nxd4+ {[%emt 0:00:29]} 29. Kd2 {[%emt 0:00:46]} Rf2+ {[%emt 0:03:07]} 30. Ke1 {[%emt 0:00:42]} Nf3+ {[%emt 0:01:20]} 31. Kd1 {[%emt 0:00:04]} Rf1+ {[%emt 0:00:37]} 32. Kc2 {[%emt 0:00:07]} Qf2+ {[%emt 0:00:17]} 33. Rd2 {[%emt 0:00:16]} Nxd2 {[%emt 0:01:38]} 34. Qxd2 {[%emt 0:00:07]} Qxd2+ {[%emt 0:01:14]} 35. Kxd2 {[%emt 0:00:01]} 0-1